000 00629nam a22001937a 4500
005 20250409145157.0
010 _aENG-144599
020 _a9789392790072
_c995.00
035 _aEN-128071
037 _bDBAD
082 _a425
_21st
100 _aCarrasco, Effie
_980521
245 _aBasic English Grammar & Composition;
_cDr. Mahesh Jetly
_bFor Senior Classes/
250 _a1st
260 _aDelhi
_bGood Luck Publishers Limited
_c2005
270 _a415, Laxmideep, 9, Laxmi Nagar District Centre, Vikas Marg,
_bDelhi
_k9811197091
_e110092
300 _a440 p.
_c27 cm(Hbk)
942 _2ddc
_cEN
_h425
_mCAR
_e1
999 _c210931
_d210931